000 00781cam a22002413a 4500
001 11701
003 PGUSA
005 20140828083239.0
008 040301s2004||||xxu|||||s|||||000 | eng d
040 _aPGUSA
_beng
042 _adc
050 4 _aBM
100 1 _aKent, Charles Foster,
_d1867-1925
245 1 4 _aThe Makers and Teachers of Judaism :
_bFrom the Fall of Jerusalem to the Death of Herod the Great
_h[electronic resource] /
_cCharles Foster Kent
260 _bProject Gutenberg,
_c2004
506 _aPublic domain in the USA.
516 _aElectronic text
653 _aJews -- History -- 586 B.C.-70 A.D.
653 _aBible -- History of Biblical events
830 0 _aProject Gutenberg
_v11701
856 4 0 _uhttp://www.gutenberg.org/ebooks/11701
942 _cEB
999 _c240956
_d240956